Estadísticas para Mapa de Capitales de Oceanía

Haz click aquí para tomar la prueba!

Estadísticas generales

  • Esta prueba ha sido tomada 1.213 veces
  • La puntuación promedio es 8 de 14

Respuestas en el mapa

Las respuestas están codificadas por una escala verde-roja en el mapa de la prueba según el % correcto abajo.
Cargando...
 

Estadísticas de respuestas

Respuesta% Correcto
Canberra
97%
Wellington
93%
Port Moresby
79%
Suva
57%
Ngerulmud
51%
Tarawa Sur
51%
Port Vila
50%
Honiara
49%
Majuro
49%
Palikir
49%
Apia
48%
Yaren
45%
Funafuti
42%
Nukualofa
42%

Distribución de puntuación

Porcentaje por número respondido

Porcentaje de gente con cada puntuación

Historial de tus puntuaciones

No has tomado esta prueba